Memoria Coloquio Internacional. 10 Años de la declaración de Cartagena sobre refugiados /

Kaydedildi:
Detaylı Bibliyografya
Kurumsal yazarlar: ACNUR, IIDH Costa Rica. Gobierno
Materyal Türü: Metin
Baskı/Yayın Bilgisi: San José: Imprenta Nacional
Etiketler: Etiketle
Etiket eklenmemiş, İlk siz ekleyin!

MARC

LEADER 00000 a a2200000 04500
001 22628
003
040
090 |a 155000  
110 |a ACNUR  
245 |a Memoria Coloquio Internacional. 10 Años de la declaración de Cartagena sobre refugiados /  |c ACNUR  
260 |a San José:   |b Imprenta Nacional  
300 |a 477 p.  
710 |a IIDH   |a Costa Rica. Gobierno  
999 |c 8305  |d 8305